Statistics for Pictures by Letter - S

Click here to take the quiz!

General Stats

  • This quiz has been taken 16,003 times
  • The average score is 11 of 16

Answer Stats

Answer% Correct
Scrabble
94%
Sapphire
91%
Sloth
89%
Stalin
87%
Shakespeare
83%
Sicily
76%
Scotland
74%
Scythe
74%
Shuttlecock
73%
Spurs
61%
Shamrock
60%
Stork
58%
Saffron
56%
Shanghai
55%
Skeleton
45%
Socket
34%

Score Distribution

Percentile by Number Answered

Percent of People with Each Score

Your Score History

You have not taken this quiz